00683nam a22002177a 450000500170000001000130001702000260003003500130005603700130006908200210008210000210010324500480012425000160017226000570018827000500024530000250029550000100032094200340033099900190036495200820038320180723154715.0 aB-698568 a9789352864867c749.00 aB-698568 bRK Books 25th Editiona657 aPathak,V Bharati aIndian Financial System/cBharati V. Pathak a5th Edition aUP NoidabPearson Education Services pvt. Lid.c2018 aplot No-1,Block-C,Sector-16bUP Noidae201301 a863p.c28 c.m. (pbk) aIndex 2ddccENe5th Editonh657mPAT c154655d154655 00104070aLbLd2018-07-23l0o657 PATr2018-07-23 00:00:00w2018-07-23yEN